[Event "CRO-ch U19 Girls"]
[Site "Bjelolasica"]
[Date "2010.07.28"]
[Round "6"]
[White "Starcevic, Andrea"]
[Black "Cibaric, Marija"]
[Result "1-0"]
[WhiteElo "1766"]
[BlackElo "1600"]
[PlyCount "49"]
[EventDate "2010.07.25"]
[EventType "tourn"]
[EventRounds "10"]
[EventCountry "CRO"]
[SourceTitle "EXT 2011"]
[Source "ChessBase"]
[SourceDate "2010.11.26"]
[SourceVersion "1"]
[SourceVersionDate "2010.11.26"]
[SourceQuality "1"]

1. d4 d5 2. Bg5 h6 3. Bh4 Nf6 4. Bxf6 exf6 5. e3 Bd6 6. Bd3 0-0 7. h3 Nc6 8. a3 f5 9. Qf3 Qf6 10. Qxd5 Be6 11. Qf3 Rae8 12. Ne2 Na5 13. Nd2 Be7 14. 0-0 c6 15. b4 Bd8 16. bxa5 Bxa5 17. Nc4 Bc7 18. Nf4 Bd7 19. Nd2 Ba5 20. Nb3 Bc3 21. Rab1 Qd6 22. Ne2 Bxd4 23. Nbxd4 Bc8 24. Bxf5 Bxf5 25. Qxf5 1-0